Tilastot visalle Pikselöity Afrikan kartta

Klikkaa tästä pelataksesi tätä visaa!

Yleistilastot

  • Tätä visaa on pelattu 903 kertaa
  • Keskiarvotulos 211 / 246

Vastaukset kartalla

Vastauksille on annettu kartalla punavihreä väri sen mukaan, kuinka moni on saanut sen oikein.
Ladataan ...
 

Vastaustilastot

Valtio% Oikein
Egypti
97%
Etelä-Afrikka
95%
Madagaskar
94%
Niger
93%
Somalia
93%
Algeria
93%
Libya
93%
Sudan
92%
Marokko
92%
Kongon tasavalta
92%
Kongon demokraattinen tasavalta
92%
Nigeria
91%
Etiopia
90%
Tunisia
89%
Kenia
87%
Namibia
84%
Tansania
83%
Mali
83%
Tšad
81%
Etelä-Sudan
80%
Angola
80%
Eritrea
79%
Mauritania
79%
Norsunluurannikko
78%
Senegal
76%
Ghana
75%
Mosambik
74%
Keski-Afrikan tasavalta
74%
Uganda
72%
Zimbabwe
71%
Sambia
70%
Botswana
69%
Guinea
66%
Liberia
66%
Kamerun
65%
Benin
65%
Burkina Faso
60%
Gabon
59%
Malawi
57%

Tulosjakauma

Persentiili vastausten määrän mukaan

Jokaisen tuloksen saaneiden osuus

Tuloshistoriasi

Et ole pelannut tätä visaa